000 01239cam a2200265 i 4500
003 SA-RiAUC
005 20250113092820.0
008 250108q19001999su g i00010 ara c
040 _aSA-RiAUC
_bara
_cSA-RiAUC
_erda
041 1 _aara
_hund
082 0 4 _a213
_qSA-RiAUC
090 _a213
_b ر ا ب
110 2 _aرابطة العالم الإسلامي (مكة المكرمة).
_bالأمانة العامة
_eمؤلف.
245 1 0 _aلماذا أسلمنا :
_bمجموعة مقالات لنخبة من رجال الفكر في مختلف الأقطار عن سبب اعتناقهم الإسلام /
_cالأمانة العامة لرابطة العالم الإسلامي ؛ ترجمة مصطفى جبر.
264 1 _aمكة المكرمة :
_bرابطة العالم الإسلامي،
_c[بين 1900 و1999]
300 _a198 صفحة ؛
_c22 سم
336 _aنص
_btxt
_2rdacontent
_3كتاب
337 _aبدون وسيط
_bn
_2rdamedia
338 _aمجلد
_bnc
_2rdacarrier
650 7 _aالدعوة الإسلامية
_2aucsh
650 7 _aالإسلام
_vمقالات ومحاضرات
_2aucsh
700 1 _aجبر، مصطفى
_eمترجم.
942 _2ddc
_cBOOK
_n0
949 _aSA-JeALM
_d250108
_umohamedma123
_n1
999 _c4703
_d4703